Binnenstaaten - Karten-Quiz - Statistiken

Allgemein
  • Dieses Quiz wurde 154 mal gespielt
  • Das Durchschnittsergebnis liegt bei 41 aus 45
Antworten auf der Karte
Die Antworten werden auf der Karte rot bzw. grün angezeigt, abhängig davon wie oft sie richtig erraten wurden.
 
Antwortstatistiken
Land % Korrekt
Österreich
99%
Schweiz
99%
Tschechien
99%
Bolivien
98%
Liechtenstein
98%
Slowakei
98%
Ungarn
98%
Andorra
97%
Mongolei
97%
Kasachstan
96%
San Marino
96%
Serbien
96%
Kosovo
95%
Luxemburg
95%
Turkmenistan
95%
Usbekistan
95%
Vatikanstadt
95%
Weißrussland
95%
Afghanistan
94%
Kirgisistan
94%
Paraguay
94%
Aserbaidschan
93%
Moldawien
93%
Nepal
93%
Nord-Mazedonien
93%
Tadschikistan
93%
Armenien
92%
Bhutan
92%
Laos
92%
Lesotho
92%
Niger
91%
Tschad
91%
Mali
90%
eSwatini
89%
Zentralafrikanische Republik
89%
Ruanda
85%
Äthiopien
84%
Botswana
84%
Sambia
84%
Simbabwe
84%
Südsudan
84%
Burkina Faso
83%
Uganda
83%
Burundi
82%
Malawi
82%
Keine übereinstimmenden Quizze gefunden
Verteilung der Resultate
Anzahl Personen mit jedem Resultat
Perzentil nach korrekt beantworteten Fragen
Ihre Resultats-Entwicklung
Sie haben dieses Quiz noch nicht gespielt